| 000 | 00736 a2200169 4500 | ||
|---|---|---|---|
| 003 | NUST | ||
| 005 | 20230125152453.0 | ||
| 040 | _cNust | ||
| 082 | _a823,SEN | ||
| 100 |
_aSender, Ramon J _924102 |
||
| 245 |
_aSeven Red Sundays / _cRamon J Sender |
||
| 260 |
_aLondon _bFaber & Faber ltd |
||
| 300 | _a438:p.; | ||
| 505 | _aTranslator Introductory Notes (Page-9),First Sunday: A Spark Light The Tinder (Page-29), Second Sunday: The Insurrection Proceeds(Page-97),Third Sunday: Repercussions (Page-175),Fourth Sunday: Hopes And Failure(Page-257),Fifth Sunday: Collapse (Page-335),Sixth Sunday: After Match Of Dejection (Page-395), Seventh Sunday: Only In The Future (Page-419). | ||
| 650 |
_aNovel _92525 |
||
| 942 |
_2ddc _cBK _k823,SEN |
||
| 999 |
_c186753 _d186753 |
||